00373pab a2200133 454500008004000000100002700040245003600067260000900103300001600112362001100128650004400139650002200183773003400205180718b2007 xxu||||| |||| 00| 0 eng d aRoy Chowdhury, Supriya aThe intellectual-left stand-off c2007 ap.1077-078. a31 Mar aAgricultural land - India - West Bengal aAgricultural land aEconomic and Political Weekly